Presidents of French Polynesia by Picture - Statistics

General Stats
  • This quiz has been taken 10 times
  • The average score is 6 of 7
Answer Stats
Picture Hint Answer % Correct
2014-2023 Édouard Fritch
100%
2023-Present Moetai Brotherson
100%
1984-1987 | 1991-2004 | 2004-2005 | 2008 | 2013-2014 Gaston Flosse
89%
2006-2007 | 2008-2009 | 2009-2011 Gaston Tong Sang
89%
2004 | 2005-2006 | 2007-2008 | 2009 | 2011-2013 Oscar Temaru
89%
1987-1991 Alexandre Léontieff
67%
2014 Nuihau Laurey
67%
No matching quizzes found
Score Distribution
Percent of People with Each Score
Percentile by Number Answered
Your Score History
You have not taken this quiz